000 00914nam a22002417a 4500
005 20150306164621.0
008 940520s1993 nyua bf 000 0 eng
020 _a0964278707
040 _aDLC
_cDLC
_dDLC
_dCo-BOIAvH
041 _aeng
044 _axxu
082 0 0 _a639.9
_bR11w
100 1 _aRabinowitz, Alan,
_d1953-
_933385
245 1 0 _aWildlife field research and conservation training manual /
_cAlan Rabinowitz.
260 _aBronx, New York :
_bWildlife Conservation Society, International Conservation,
_cc1993.
300 _a281 p. :
_bilustraciones ;
_c25 cm.
504 _aIncluye referencias bibliográficas (par 235-238).
650 0 _aWildlife research
_xHandbooks, manuals, etc.
_933386
650 0 _aWildlife conservation
_xHandbooks, manuals, etc.
_933387
650 0 _aWildlife management
_xHandbooks, manuals, etc.
_933388
651 4 _aConservación de la fauna
_933389
942 _2ddc
_cLIBRO
999 _c9090
_d9090